| 000 | 00364nam a2200133Ia 4500 | ||
|---|---|---|---|
| 008 | 240624s9999 xx 000 0 und d | ||
| 041 | _aeng | ||
| 082 | _a658.4038 AIH | ||
| 100 | _aAL HAWAMDEH SULIMAN | ||
| 245 | _aKNOWLEDGE MANAGEMENT CULTIVATING KNOWLED | ||
| 260 |
_c2005 _aOxford _bChandos Publishing |
||
| 300 | _axvii, : 222 : p. : cm. ; 23 | ||
| 365 |
_cRS _b25 |
||
| 999 |
_c4681 _d4681 |
||